00827nam a2200265 a 450000100060000000300080000600500170001400800410003102000150007203500190008704000230010604100080012908200260013710000300016324501180019325000120031126000460032330000340036950000210040365000250042465000230044970000380047270000250051070000260053561767BD-RjUL20211209081011.0170121s1995 ii a 001 0 eng  a8120311388 a(BD-RjUL)61891 aDLCcDLCdDLCbeng aeng00223a658.503bNAP 19971 aNarasimhan, Seetharama L.10aProduction planning and inventory control /c Setharama L Narasimhan, Dennis W. McLeavey and Peter J. Billington a2nd ed. aNew Delhi :bPrentice-Hall,cc1995 [1997] axix, 716 p. :bill. ;c23 cm. aIncludes index. 0aProduction planning. 0aInventory control.1 aNarasimhan, Seetharama L.,d1936-1 a McLeavey, Dennis W.1 aBillington, Peter J.